Online
Catalog

Cívica : (Record no. 44536)

MARC details
000 -CABECERA
campo de control de longitud fija 02070nam a2200289 a 4500
001 - NÚMERO DE CONTROL
campo de control 000045047
005 - FECHA Y HORA DE LA ÚLTIMA TRANSACCIÓN
campo de control 20201002045830.0
008 - DATOS DE LONGITUD FIJA--INFORMACIÓN GENERAL
campo de control de longitud fija 150130s2013 dr acd 000 0 spa d
020 ## - NÚMERO INTERNACIONAL ESTÁNDAR DEL LIBRO
Número Internacional Estándar del Libro 9789945120677 (v. 1)
020 ## - NÚMERO INTERNACIONAL ESTÁNDAR DEL LIBRO
Número Internacional Estándar del Libro 9789945120684 (v. 2)
020 ## - NÚMERO INTERNACIONAL ESTÁNDAR DEL LIBRO
Número Internacional Estándar del Libro 9789945120691 (v. 3)
020 ## - NÚMERO INTERNACIONAL ESTÁNDAR DEL LIBRO
Número Internacional Estándar del Libro 9789945120707 (v. 4)
040 ## - FUENTE DE LA CATALOGACIÓN
Centro catalogador/agencia de origen DO-SdBNP
Lengua de catalogación spa
Centro/agencia transcriptor BNPHU
100 1# - ENTRADA PRINCIPAL--NOMBRE DE PERSONA
Nombre de persona Simón Consuegra, José Miguel
9 (RLIN) 51487
245 10 - MENCIÓN DE TÍTULO
Título Cívica :
Resto del título formación en valores y civismo /
Mención de responsabilidad, etc. José Miguel Simón Consuegra, Margarita Hernández Tejada; ilustraciones y fotografías Julio César Martínez.
260 ## - PUBLICACIÓN, DISTRIBUCIÓN, ETC.
Lugar de publicación, distribución, etc. Santo Domingo :
Nombre del editor, distribuidor, etc. Ministerio de Educación
-- Susaeta,
Fecha de publicación, distribución, etc. 2013.
300 ## - DESCRIPCIÓN FÍSICA
Extensión v. :
Otras características físicas il., retrs., mapas ;
Dimensiones 29 cm.
500 ## - NOTA GENERAL
Nota general Nivel medio
500 ## - NOTA GENERAL
Nota general Prohibida su venta. Propiedad del Ministerio de Educación
500 ## - NOTA GENERAL
Nota general Edición especial del Ministerio de Educación
505 0# - NOTA DE CONTENIDO CON FORMATO
Nota de contenido con formato v. 1:
Información miscelánea 1er. grado, primer ciclo--
-- unidad 1--
Título Sociedad y educación Cívica--
Información miscelánea unidad 2--
Título Desarrollo individual, personal y social--
Información miscelánea unidad 3--
Título La familia--
Información miscelánea unidad 4--
Título Derechos y deberes--
Información miscelánea unidad 5--
Título Las relaciones de convivencia--
505 0# - NOTA DE CONTENIDO CON FORMATO
Nota de contenido con formato v. 2:
Información miscelánea 2do. grado, primer ciclo--
-- unidad 1--
Título Los derechos humanos--
Información miscelánea unidad 2--
Título Los derechos de la mujer--
Información miscelánea unidad 3--
Título Los valores de nuestra constitución--
Información miscelánea unidad 4--
Título Las relaciones humanas--
Información miscelánea unidad 5--
Título Salvemos nuestro planeta--
505 0# - NOTA DE CONTENIDO CON FORMATO
Nota de contenido con formato v. 3:
Información miscelánea 1er. grado, segundo ciclo--
-- unidad 1--
Título La constitución Dominicana--
Información miscelánea unidad 2--
Título El Estado Dominicano--
Información miscelánea unidad 3--
Título Relación de la convivencia en la comunidad y sus instancias--
505 0# - NOTA DE CONTENIDO CON FORMATO
Nota de contenido con formato v. 4:
Información miscelánea 2do. grado, segundo ciclo--
-- unidad 1--
Título Descentralización del poder--
Información miscelánea unidad 2--
Título La participación ciudadana como mecanismo para fortalecer la cultura democrática--
Información miscelánea unidad 3--
Título Fundamentación ética en la vida democrática y las funciones públicas--
Información miscelánea unidad 4--
Título Relación de convivencia del centro escolar, la comunidad local y sus instancias--
700 1# - PUNTO DE ACCESO ADICIONAL--NOMBRE DE PERSONA
Nombre de persona Hernández Tejada, Margarita
9 (RLIN) 50027
700 1# - PUNTO DE ACCESO ADICIONAL--NOMBRE DE PERSONA
Nombre de persona Martínez, Julio César
Término indicativo de función/relación fot. y il.
9 (RLIN) 1263
Holdings
Estado de retiro Estado de pérdida No para préstamo Código de colección Localización permanente Ubicación/localización actual Ubicación en estantería Fecha de adquisición Número de inventario Total de préstamos Signatura topográfica completa Código de barras Fecha visto por última vez Precio válido a partir de Tipo de ítem Koha
    Excluido de préstamo Patrimonio Dominicano Patrimonio Dominicano Patrimonio Dominicano Depósito 30.01.2015 LF1   45047-10 25.06.2020 25.06.2020 Libro y Folleto Colección Patrimonio Dominicano

Powered by Koha